Statistics for Capitals Closer Than Its Own #1

Click here to take the quiz!

General Stats

  • This quiz has been taken 30 times
  • The average score is 37 of 48

Answer Stats

HintAnswer% Correct
Hong KongBangkok
93%
Hong KongHanoi
93%
Saint PetersburgHelsinki
93%
Los AngelesMexico City
93%
MarseilleRome
93%
Hong KongTaipei
93%
Hong KongVientiane
93%
ManausBogota
89%
ManausCaracas
89%
Saint PetersburgRiga
89%
Saint PetersburgTallinn
89%
MarseilleAndorra la Vella
86%
AlmatyBishkek
86%
PerthJakarta
86%
MarseilleMonaco
86%
KarachiNew Delhi
86%
ManausLa Paz
82%
Hong KongManila
82%
Hong KongPhnom Penh
82%
LagosAccra
79%
MarseilleBern
79%
AlmatyDushanbe
79%
Los AngelesGuatemala City
79%
ManausKingstown
79%
Hong KongNaypyidaw
79%
ManausParamaribo
79%
MarseilleSan Marino
79%
AlmatyTashkent
79%
MarseilleVatican City
79%
PerthDili
75%
ManausGeorgetown
75%
LagosLome
75%
Los AngelesBelmopan
71%
KarachiKabul
71%
DurbanMaputo
71%
Los AngelesHavana
68%
ManausPort of Spain
68%
LagosPorto Novo
68%
ManausSucre
64%
MarseilleVaduz
64%
Hong KongBandar Seri Begawan
61%
DurbanGaborone
61%
DurbanMaseru
57%
DurbanMbabane
54%
KarachiMuscat
50%
ManausBridgetown
46%
ManausCastries
46%
ManausSt George's
43%

Score Distribution

Percentile by Number Answered

Percent of People with Each Score

Your Score History

You have not taken this quiz